Normal view
MARC view
Entry Personal Name
001 - CONTROL NUMBER
- control field: 213094
003 - CONTROL NUMBER IDENTIFIER
- control field: OSt
005 - DATE AND TIME OF LATEST TRANSACTION
- control field: 20250606112900.0
008 - FIXED-LENGTH DATA ELEMENTS
- fixed length control field: 250606|| aca||aabn | a|a d
040 ## - CATALOGING SOURCE
- Original cataloging agency: OSt
- Transcribing agency: OSt
100 ## - HEADING--PERSONAL NAME
- Personal name: SINHA (P K)
670 ## - SOURCE DATA FOUND
- Source citation: Work cat.: (OSt)105200: SINHA (P K), Computer fundamentals concepts systems and applications, 2002